[Event "FRA-chT4 0102"]
[Site "Champagne Ardenne"]
[Date "2002.02.03"]
[Round "5"]
[White "Carniol, Thomas"]
[Black "Cahours, Philippe"]
[Result "1/2-1/2"]
[WhiteElo "2120"]
[BlackElo "2150"]
[PlyCount "151"]
[EventDate "2002.10.??"]
[EventType "team"]
[EventRounds "7"]
[EventCountry "FRA"]
[SourceTitle "EXT 2005"]
[Source "ChessBase"]
[SourceDate "2004.11.15"]
[SourceVersion "1"]
[SourceVersionDate "2004.11.15"]
[SourceQuality "1"]

1. Nf3 g6 2. d4 Bg7 3. c4 c5 4. Nc3 cxd4 5. Nxd4 Nc6 6. Nc2 b6 7. Bd2 Bb7 8. e4 Rc8 9. Rc1 Nh6 10. Be2 0-0 11. 0-0 f5 12. f3 Ne5 13. b3 fxe4 14. fxe4 d6 15. Ne3 Qd7 16. Qc2 Kh8 17. Rxf8+ Rxf8 18. Rf1 Rxf1+ 19. Kxf1 Nhf7 20. Ned1 Nd8 21. Nf2 Ne6 22. Be3 Nc6 23. Qd2 Ned4 24. Bg4 e6 25. Ne2 Nxe2 26. Bxe2 Qe7 27. Bg5 Qf8 28. Qf4 Nb4 29. Qxf8+ Bxf8 30. a3 Nc6 31. Bf6+ Kg8 32. Bb2 Bg7 33. Bxg7 Kxg7 34. Bd3 Ne5 35. Ke2 Kf6 36. Bc2 a5 37. a4 h6 38. Ke3 g5 39. Bd1 Kg6 40. Nd3 Nd7 41. Bg4 Kf6 42. g3 Bc6 43. Kd4 Bb7 44. Bh5 Nc5 45. Nxc5 bxc5+ 46. Ke3 Ke5 47. Bf3 Bc6 48. Bg2 Be8 49. Bh1 Bg6 50. Bg2 h5 51. Bf3 h4 52. Bg2 d5 53. exd5 hxg3 54. hxg3 Bc2 55. dxe6 Kxe6 56. Bc6 Bxb3 57. Bb5 Ke5 58. Kd3 Bd1 59. Bd7 Bh5 60. Ke3 Bf7 61. Bb5 Be6 62. Ba6 Kf5 63. Bb5 Kg4 64. Kf2 Kh3 65. Ba6 Bg4 66. Bb5 Kh2 67. Bc6 Bd1 68. Bd7 g4 69. Ke3 Kxg3 70. Ke4 Kh4 71. Bxg4 Kxg4 72. Kd5 Bxa4 73. Kxc5 Be8 74. Kd4 Kf5 75. Kc3 Ke5 76. Kb2 1/2-1/2

[Event "FRA-chT4 0001"]
[Site "Champagne Ardenne"]
[Date "2001.02.04"]
[Round "5"]
[White "Lambert, Adrien"]
[Black "Cahours, Philippe"]
[Result "1/2-1/2"]
[WhiteElo "1950"]
[BlackElo "2160"]
[PlyCount "113"]
[EventDate "2001.10.??"]
[EventType "team"]
[EventRounds "7"]
[EventCountry "FRA"]
[SourceTitle "EXT 2005"]
[Source "ChessBase"]
[SourceDate "2004.11.15"]
[SourceVersion "1"]
[SourceVersionDate "2004.11.15"]
[SourceQuality "1"]

1. e4 e6 2. d4 d5 3. Nd2 Nf6 4. e5 Nfd7 5. f4 c5 6. c3 Nc6 7. Ndf3 Qb6 8. g3 a6 9. Bh3 cxd4 10. cxd4 Bb4+ 11. Kf1 0-0 12. Kg2 f5 13. Ne2 a5 14. g4 Nd8 15. Rg1 a4 16. Kh1 Kh8 17. Nh4 g6 18. Rg2 Ra6 19. Qg1 Be7 20. Qf2 Qa5 21. Be3 Rb6 22. Rag1 Qa6 23. Nc1 Rc6 24. Nf3 Nb6 25. b3 Bd7 26. Rg3 Be8 27. Bf1 Qa8 28. h4 Qc8 29. Bd3 axb3 30. axb3 Ba3 31. Ne2 Rc7 32. Qh2 Nc6 33. h5 Nb4 34. Bb1 Nc2 35. Bd2 fxg4 36. Rxg4 gxh5 37. R4g3 Bb5 38. Nc3 Bd3 39. Ng5 Bf5 40. Nb5 Rg7 41. Bxc2 Qxc2 42. Nxa3 Be4+ 43. Nxe4 Qxe4+ 44. R1g2 Rfg8 45. Rxg7 Rxg7 46. Nb5 Qf3 47. Nd6 h4 48. Nf7+ Kg8 49. Nh6+ Kf8 50. Bb4+ Ke8 51. Kg1 Qd1+ 52. Kf2 Qxd4+ 53. Kf1 Qd1+ 54. Be1 Qd3+ 55. Kg1 Qe3+ 56. Kf1 Qd3+ 57. Kg1 1/2-1/2